The Changing world of the executive /

Bibliographic Details
Main Author: Drucker, Peter F.
Format: Book
Published: Oxford: Heinemann, 1995.
Subjects:
LEADER 00550cam a2200205 7i4500
001 0000040520
005 20151104090000.0
005 ##20151104151600.0
002 ##000000662
003 ##MY-KlINT
008 151104 00010 eng
020 # # |a 0750625031  
039 # 9 |y 201511041516  |z VLOAD 
090 0 0 |a 658.409 DRU  
100 1 # |a Drucker, Peter F. 
245 0 4 |a The Changing world of the executive /   |c Peter F. Drucker.. 
260 # # |a Oxford:   |b Heinemann,   |c 1995. 
300 # # |a xiv:   |b 271p;   |c -cm. 
650 # 0 |a Executive ability  
650 # 0 |a Personnel management